=LDR 00000nam 2200000 4500 =001 NUTBA000000000001234 =005 20201116010558 =035 ##$$a 0010-041400000000504 =008 201116################g##########0#ind## =020 ##$$a 979-9185-10-6 =082 ##$$a 310 =100 #$$a SUJANA =245 1#$$a Statistika untuk ekonomdan niaga /$c PROF.DR.SUDJANA,MA,M.Sc =250 ##$$a ed.3 =260 ##$$a Bandung :$b Tarsito,$c 1997 =300 ##$$a vi,289 hlm ; $c 21x14 cm =084 ##$$a 310 SUJ s =650 #4$$a Statistik =990 ##$$a 94197/BPAP-NTB/2014 =990 ##$$a 76.466 pro.94 =990 ##$$a 76.466 pro.94 =990 ##$$a 94197/BPAP-NTB/2014 =990 ##$$a 51300015 =990 ##$$a 76.466 pro.94